000 005280000a22001810004500
003 MACL
005 20160306163523.0
008 160306b xxu||||| |||| 00| 0 eng d
040 _aMACL
_cMACL
041 _aHindi
082 _a891.433
100 _aप्रसाद श्री जयशंकर
_943712
245 _aईनद्रजाल
260 _bभारती भंडार
_c2007
_aइलाहाबाद
350 _a2
650 _aIndian Literature Fiction
_943713
942 _cHIN
_k891.433
_2ddc
999 _c22996
_d22996